| 000 | 00720nam a2200241 i 4500 | ||
|---|---|---|---|
| 001 | C2-0183049 | ||
| 003 | PPAK | ||
| 005 | 20180728095533.0 | ||
| 008 | 981103s1995 my |||| ||||| | may d | ||
| 020 | _a9839619179 | ||
| 040 |
_aPPAK _beng _cPPAK _erda |
||
| 082 | 0 | 4 |
_a279.5 _2 23 |
| 090 | 0 | 0 |
_a279.5 _bABD _dG |
| 100 | 0 |
_aAbdul Karim Zaidan, Dr, _eauthor |
|
| 245 | 1 | 0 |
_aSistem kehakiman Islam : _bkeputusan hakim, konsep tahkim, wilayah mazalim dan hisbah |
| 264 | 1 |
_aKuala Lumpur : _bPustaka Haji Abdul Majid , _c1995 |
|
| 300 |
_avii, 116 pages ; _c22 cm |
||
| 336 |
_2rdacontent _atext |
||
| 337 |
_2rdamedia _aunmediated |
||
| 338 |
_2rdacarrier _avolume |
||
| 650 | 1 | 0 | _aIslam and justice |
| 942 |
_ddc _cB |
||
| 999 |
_c156134 _d156134 |
||